Možnosti tvorby zdieľanej pridanej hodnoty v logistike: prípad SR diplomová práca

Saved in:
Bibliographic Details
Main Author: Biely, Šimon
Corporate Author: Obchodná fakulta EU. Katedra medzinárodného obchodu
Other Authors: Hansenová, Heda
Format: Book
Language:Slovak
Published: Bratislava 2017
Tags: Add Tag
No Tags, Be the first to tag this record!

MARC

LEADER 00000nbm a2200000 4500
001 0235457
005 20170928121257.0
041 0 |a slo 
044 |a SK 
245 1 0 |a Možnosti tvorby zdieľanej pridanej hodnoty v logistike: prípad SR  |b diplomová práca  |c Šimon Biely ; školiteľ: Heda Hansenová 
264 1 |a Bratislava  |c 2017 
300 |a 81 s. 
100 1 |a Biely, Šimon 
700 1 |a Hansenová, Heda 
710 2 |a Obchodná fakulta EU. Katedra medzinárodného obchodu